<?xml version="1.0" encoding="UTF-8"?>
<record
    xmlns:xsi="http://www.w3.org/2001/XMLSchema-instance"
    xsi:schemaLocation="http://www.loc.gov/MARC21/slim http://www.loc.gov/standards/marcxml/schema/MARC21slim.xsd"
    xmlns="http://www.loc.gov/MARC21/slim">

  <leader>00956nam a22002417a 4500</leader>
  <controlfield tag="001">4201</controlfield>
  <controlfield tag="003">FISKH</controlfield>
  <controlfield tag="005">20250820124019.0</controlfield>
  <controlfield tag="008">240627b        cb ||||| |||| 00| 0 eng d</controlfield>
  <datafield tag="020" ind1=" " ind2=" ">
    <subfield code="a">708431211797</subfield>
  </datafield>
  <datafield tag="040" ind1=" " ind2=" ">
    <subfield code="a">FISKH</subfield>
    <subfield code="b">eng</subfield>
    <subfield code="c">FISKH</subfield>
    <subfield code="d">FISKH </subfield>
  </datafield>
  <datafield tag="050" ind1=" " ind2=" ">
    <subfield code="a">PZ7 </subfield>
  </datafield>
  <datafield tag="082" ind1=" " ind2=" ">
    <subfield code="a">741.5 </subfield>
  </datafield>
  <datafield tag="100" ind1=" " ind2=" ">
    <subfield code="a">Anonymous </subfield>
  </datafield>
  <datafield tag="245" ind1=" " ind2=" ">
    <subfield code="a">Ben 10 : </subfield>
    <subfield code="b">"Wanted : Kevin Levin" /</subfield>
  </datafield>
  <datafield tag="260" ind1=" " ind2=" ">
    <subfield code="a">Ontario : </subfield>
    <subfield code="b">Leap Frog, </subfield>
    <subfield code="c">1999.</subfield>
  </datafield>
  <datafield tag="300" ind1=" " ind2=" ">
    <subfield code="a">26 pages : </subfield>
    <subfield code="b">color illustrations ; </subfield>
    <subfield code="c">24 cm</subfield>
  </datafield>
  <datafield tag="490" ind1=" " ind2=" ">
    <subfield code="a">Ben 10 </subfield>
  </datafield>
  <datafield tag="520" ind1=" " ind2=" ">
    <subfield code="a">Ever since Kevin used his powers to move a meteorite, he's been acting strangely. When he is captured by the alien bounty hunter Seven Seven, it's up to Ben and Gwen to rescue him and get to the bottom of this mystery before it's too late. Teaches logic and reasoning, literary analysis and critical thinking, reading comprehension and memory skills. 
</subfield>
  </datafield>
  <datafield tag="650" ind1=" " ind2=" ">
    <subfield code="a">Graphic </subfield>
    <subfield code="v">Children's Fiction</subfield>
  </datafield>
  <datafield tag="942" ind1=" " ind2=" ">
    <subfield code="2">ddc</subfield>
    <subfield code="c">BK</subfield>
    <subfield code="n">0</subfield>
  </datafield>
  <datafield tag="999" ind1=" " ind2=" ">
    <subfield code="c">4201</subfield>
    <subfield code="d">4201</subfield>
  </datafield>
  <datafield tag="952" ind1=" " ind2=" ">
    <subfield code="0">0</subfield>
    <subfield code="1">0</subfield>
    <subfield code="2">ddc</subfield>
    <subfield code="4">0</subfield>
    <subfield code="7">0</subfield>
    <subfield code="8">JUVF</subfield>
    <subfield code="a">001</subfield>
    <subfield code="b">001</subfield>
    <subfield code="c">COM</subfield>
    <subfield code="d">2024-06-27</subfield>
    <subfield code="l">1</subfield>
    <subfield code="o">ANO 741.5 PZ7 </subfield>
    <subfield code="p">2024-0886</subfield>
    <subfield code="r">2025-11-10 12:21:20</subfield>
    <subfield code="s">2025-10-31</subfield>
    <subfield code="t">1</subfield>
    <subfield code="w">2024-06-27</subfield>
    <subfield code="y">BK</subfield>
  </datafield>
  <datafield tag="952" ind1=" " ind2=" ">
    <subfield code="0">0</subfield>
    <subfield code="1">0</subfield>
    <subfield code="2">ddc</subfield>
    <subfield code="4">0</subfield>
    <subfield code="7">0</subfield>
    <subfield code="8">JUVF</subfield>
    <subfield code="a">001</subfield>
    <subfield code="b">001</subfield>
    <subfield code="c">COM</subfield>
    <subfield code="d">2025-06-05</subfield>
    <subfield code="l">0</subfield>
    <subfield code="o">ANO 741.5 PZ7 </subfield>
    <subfield code="p">2025-1530</subfield>
    <subfield code="r">2025-06-05 10:11:20</subfield>
    <subfield code="t">2</subfield>
    <subfield code="w">2025-06-05</subfield>
    <subfield code="y">BK</subfield>
  </datafield>
  <datafield tag="952" ind1=" " ind2=" ">
    <subfield code="0">0</subfield>
    <subfield code="1">0</subfield>
    <subfield code="2">ddc</subfield>
    <subfield code="4">0</subfield>
    <subfield code="7">0</subfield>
    <subfield code="8">JUVF</subfield>
    <subfield code="a">001</subfield>
    <subfield code="b">001</subfield>
    <subfield code="c">COM</subfield>
    <subfield code="d">2025-08-18</subfield>
    <subfield code="l">0</subfield>
    <subfield code="o">ANO 741.5 PZ7 </subfield>
    <subfield code="p">2025-4136</subfield>
    <subfield code="r">2025-08-18 16:11:42</subfield>
    <subfield code="t">3</subfield>
    <subfield code="w">2025-08-18</subfield>
    <subfield code="y">BK</subfield>
  </datafield>
  <datafield tag="952" ind1=" " ind2=" ">
    <subfield code="0">0</subfield>
    <subfield code="1">0</subfield>
    <subfield code="2">ddc</subfield>
    <subfield code="4">0</subfield>
    <subfield code="7">0</subfield>
    <subfield code="8">JUVF</subfield>
    <subfield code="a">002</subfield>
    <subfield code="b">002</subfield>
    <subfield code="c">SCB</subfield>
    <subfield code="d">2025-08-20</subfield>
    <subfield code="l">0</subfield>
    <subfield code="o">ANO 741.5 PZ7 </subfield>
    <subfield code="p">2025-4162</subfield>
    <subfield code="r">2025-08-20 12:40:16</subfield>
    <subfield code="t">4</subfield>
    <subfield code="w">2025-08-20</subfield>
    <subfield code="y">BK</subfield>
  </datafield>
  <datafield tag="952" ind1=" " ind2=" ">
    <subfield code="0">0</subfield>
    <subfield code="1">0</subfield>
    <subfield code="2">ddc</subfield>
    <subfield code="4">0</subfield>
    <subfield code="7">0</subfield>
    <subfield code="8">JUVF</subfield>
    <subfield code="a">002</subfield>
    <subfield code="b">002</subfield>
    <subfield code="c">SCB</subfield>
    <subfield code="d">2025-10-09</subfield>
    <subfield code="l">4</subfield>
    <subfield code="o">ANO 741.5 PZ7 </subfield>
    <subfield code="p">2025-4517</subfield>
    <subfield code="r">2026-04-24 13:03:36</subfield>
    <subfield code="s">2026-04-10</subfield>
    <subfield code="t">5</subfield>
    <subfield code="w">2025-10-09</subfield>
    <subfield code="y">BK</subfield>
  </datafield>
  <datafield tag="952" ind1=" " ind2=" ">
    <subfield code="0">0</subfield>
    <subfield code="1">0</subfield>
    <subfield code="2">ddc</subfield>
    <subfield code="4">0</subfield>
    <subfield code="7">0</subfield>
    <subfield code="8">JUVF</subfield>
    <subfield code="a">002</subfield>
    <subfield code="b">002</subfield>
    <subfield code="c">SCB</subfield>
    <subfield code="d">2025-10-23</subfield>
    <subfield code="l">2</subfield>
    <subfield code="o">ANO 741.5 PZ7 </subfield>
    <subfield code="p">2025-4724</subfield>
    <subfield code="r">2026-02-10 13:25:34</subfield>
    <subfield code="s">2026-01-30</subfield>
    <subfield code="t">6</subfield>
    <subfield code="w">2025-10-23</subfield>
    <subfield code="y">BK</subfield>
  </datafield>
</record>
